| 000 | 01474nam a2200337 c 4500 | ||
|---|---|---|---|
| 003 | BLK | ||
| 005 | 20180422102124.0 | ||
| 008 | 180408b bul|||||r ||||||| ||bul|| | ||
| 010 | _aKNG00061754000 | ||
| 040 | _aBLK | ||
| 041 |
_aBUL _cBUL |
||
| 080 |
_aОбща фармация. Професионална фармация - Фармацевти и др. професии заети с фармация. Вж и 614.2;614.27;614.35; 661.12 _b615.1 _x(035) _z615.1(035) |
||
| 080 |
_aЛекарствени средства според основното им действие _b615.2 _x(035) _z615.2(035) |
||
| 100 | 1 |
_aПетков, Веселин _eпърви автор _9369559 |
|
| 700 | 1 |
_aПетков, Веселин _eред. _9369559 |
|
| 139 |
_aФармакологията - основа на фармакотерапията _bФ 23 |
||
| 245 | 1 | 0 |
_aФармакологията - основа на фармакотерапията _bМоногр. _cВеселин Петков; ред. Веселин Петков. |
| 257 | _aBGR | ||
| 260 |
_аСофия _bМедицина и физкултура _c1983 |
||
| 300 |
_a599 с. _c25 см |
||
| 380 | _a61 | ||
| 650 | 4 |
_aФармакология _9175152 |
|
| 650 | 4 |
_aФармакотерапия _9175157 |
|
| 653 | _aфармакология | ||
| 653 | _aфармакотерапия | ||
| 852 | _aЦб 124010 | ||
| 856 | 4 |
_qpdf _u |
|
| 856 | 4 |
_qpdf _u |
|
| 942 |
_cKNG _n0 |
||
| 944 |
_aCR _c13.06.2004 _kЧиталня |
||
| 944 |
_aED _c12.10.2015 _k |
||
| 999 |
_c57746 _d57746 |
||